1261 1550 1623 1286 1520 1598 1228 1733 1729 1987 1190 1831 1368 1964 1412 1099 1082 1849 1574 1892 1111 1491 1620 1088 1183 1392 1702 1952 1941 1231 1435 1026 1980 1223 1011 1648 1603 1462 1361 1573 1627 1918 1187 1399 1785 1481 1962 1738 1383 1495 1075 1517 1281 1903 1530 1187 1441 1485 1974 1757 1515 1979 1745 1417 1678 1522 1054 1433 1017 1978 1812 1704 1269 1882 1072 1001 1876 1063 1697 1749 1391 1128 1310 1781 1897 1876 1924 1961 1769 1436 1480 1429 1418 1977 1972 1490 1997 1808 1178 BCNSPRNW ULIB Ver.6.0+V

เปลี่ยนเป็นภาษาไทย

Change to English
 แสดงรายละเอียดบรรณานุกรม
  กลับหน้าหลัก

Brief Record : Get Marc (ISO 2709) : E-mail record : QR code < ปิดหน้าต่าง
LEADER : 00000nam 2200000uu 4500
001    13399124346
003     ULIB
008    150511s2555||||th 000 0 tha d
020    ^a9786162142284
099    ^aนว ว257อ
100    ^aวรรณวรรธน์
245    ^aอขิทโร มหาคุรุเทวา ปรัยวสาน ๑ เล่ม 4
250    ^aพิมพ์ครั้งที่ 1
260    ^aกรุงเทพฯ :^bณ บ้านวรรณกรรม กรุ๊ป,^c2555
300    ^a282 หน้า
650    ^aวรรณวรรธน์^xนิยาย
945    ^p300^l0^i039390
999    ^aเกษร โพธิ์สุวรรณ
รายการนี้ยังไม่มีแท็ก
คุณยังไม่ได้ล็อกอิน คุณสามารถมีกิจกรรมร่วมกับเว็บไซต์ได้ แต่ต้องล็อกอินก่อน ::
  ล็อกอิน

รายการสื่อสารสนเทศ

ลำดับที่ ประเภท เลขเรียก/บาร์โค้ด สถานที่ สถานะ
1. นวนิยาย
นวนิยาย
นว ว257อ ฉ.1 
  Barcode: 039390
ห้องสมุดวิทยาเขตสวรรค์ประชารักษ์
►นวนิยาย
บนชั้น
  ขอยืม

รายการใกล้เคียง
    ผู้แต่ง [วรรณวรรธน์]

BibComment


ยังไม่เคยถูกคอมเมนท์

คอมเมนท์ทรัพยากรรายการนี้
  คอมเมนท์: อขิทโร มหาคุรุเท..


 Copyright 2026. Bcnsprnw @Library